000 00584nam a2200217Ia 4500
005 20250508164425.0
008 008 250505s9999 xx 000 0 eng d
020 _a81-89766-78-3
037 _aTextual
040 _aFEDL
_beng
_cFEDL
041 _aeng
_2eng
084 _a297, ENG
_qFEDL
100 _aEngineer Asghar Ali
245 0 _aIslam: Misgivings and history
260 _aNew Delhi, India
_bVitasta Publishing Pvt. Ltd.
_c2008
300 _aix,228p.
365 _aINR
_b295
650 _aIslam
942 _cTEXL
_h297, ENG
999 _c1389061
_d1389061